Statistics for Countries Which Share Islands

Click here to take the quiz!

General Stats

  • This quiz has been taken 45 times
    (44 since last reset)
  • The average score is 20 of 25

Answer Stats

Island(s) SharedAnswer% Correct
Ireland, Cyprus (Overseas Territory)United Kingdom
100%
Borneo, SebatikMalaysia
98%
New Guinea, Borneo, Timor, SebatikIndonesia
95%
IrelandIreland
95%
HispaniolaDominican Republic
95%
HispaniolaHaiti
95%
TimorEast Timor
95%
CyprusCyprus
95%
New GuineaPapua New Guinea
95%
BorneoBrunei
93%
Isla Grande de Tierra del FuegoArgentina
90%
Saint MartinNetherlands
90%
Saint MartinFrance
88%
Isla Grande de Tierra del FuegoChile
88%
Koiluoto**Russia
85%
Dall*United States
83%
Dall*Canada
78%
Kataja**, Märket**Sweden
70%
Kataja**, Märket**, Koiluoto**Finland
68%
Usedom/UznamPoland
63%
Usedom/UznamGermany
63%
Nova Zemlia/K**Ukraine
48%
Passport Island*Saudi Arabia
43%
Passport Island*Bahrain
40%
Nova Zemlia/K**Romania
40%

Score Distribution

Percentile by Number Answered

Percent of People with Each Score

Your Score History

You have not taken this quiz since the last reset